[Event "RIVALS Cup 2008"]
[Site "SchemingMind.com"]
[Date "2008.11.10"]
[Round "-"]
[White "jamesm_beatty"]
[Black "toguints"]
[Result "0-1"]
[WhiteCountry "USA"]
[BlackCountry "PHI"]
[WhiteElo "1415"]
[WhiteRD "71"]
[BlackElo "1463"]
[BlackRD "75"]
[GameID "177739"]

1. e4 c5 2. Nf3 Nc6 3. d4 Nf6 4. Nc3 e6 5. dxc5 Bxc5 6. Bc4 Qb6 7. Be3 Bxe3 8. fxe3 O-O 9. Qd2 Ng4 10. O-O-O d6
11. h3 Nge5 12. Qxd6 Nxc4 13. Qd3 Qxb2#
0-1

[Event "RIVALS Cup 2008"]
[Site "SchemingMind.com"]
[Date "2008.11.10"]
[Round "-"]
[White "dtedesco"]
[Black "toguints"]
[Result "1-0"]
[WhiteCountry "CAN"]
[BlackCountry "PHI"]
[WhiteElo "1506"]
[WhiteRD "60"]
[BlackElo "1463"]
[BlackRD "75"]
[GameID "177741"]

1. d4 d5 2. Nf3 Nf6 3. Nc3 Nc6 4. Bg5 Ne4 5. Nxe4 dxe4 6. Ne5 Nxe5 7. dxe5 Qxd1+ 8. Kxd1 f6 9. exf6 exf6 10. Bf4 c5
11. e3
1-0

[Event "RIVALS Cup 2008"]
[Site "SchemingMind.com"]
[Date "2008.11.10"]
[Round "-"]
[White "Carl Lenox"]
[Black "toguints"]
[Result "1-0"]
[WhiteCountry "CAN"]
[BlackCountry "PHI"]
[WhiteElo "1353"]
[WhiteRD "64"]
[BlackElo "1403"]
[BlackRD "72"]
[GameID "177742"]

1. e4 c5 2. Nf3 Nf6 3. Nc3 e6 4. d4 Nc6 5. d5 exd5 6. e5 Qe7 7. Nxd5 Nxd5 8. Qxd5 Nb4 9. Qb3 d5 10. Bb5+ Bd7
11. Be2 Bf5 12. c3 Nc2+ 13. Kd2 Nxa1 14. Qxd5 Rd8 15. Bc4
1-0

[Event "RIVALS Cup 2008"]
[Site "SchemingMind.com"]
[Date "2008.11.06"]
[Round "-"]
[White "maro"]
[Black "Brerrabbit"]
[Result "0-1"]
[WhiteCountry "MEX"]
[BlackCountry "SCO"]
[WhiteElo "1264"]
[WhiteRD "52"]
[BlackElo "1396"]
[BlackRD "66"]
[GameID "177747"]

1. e4 e5 2. d4 exd4 3. Qxd4 Nc6 4. Qd3 Nf6 5. Nc3 Bb4 6. Bd2 Bxc3 7. Bxc3 d5 8. e5 Ne4 9. O-O-O Bf5 10. Qb5 Nxc3
11. Qc5 Nxd1 12. Kxd1 Nxe5 13. Qe3 Qe7 14. Be2 O-O 15. Nf3 Rad8 16. Nxe5 d4 17. Qf4 Bg6 18. Re1 Rfe8 19. Bc4 a6 20. g3 b5
21. Nc6 Qxe1#
0-1

[Event "RIVALS Cup 2008"]
[Site "SchemingMind.com"]
[Date "2008.11.05"]
[Round "-"]
[White "maro"]
[Black "Zugzwang"]
[Result "0-1"]
[WhiteCountry "MEX"]
[BlackCountry "CAN"]
[WhiteElo "1264"]
[WhiteRD "52"]
[BlackElo "1487"]
[BlackRD "60"]
[GameID "177748"]

1. e4 e5 2. Nf3 Nf6 3. Nc3 Bb4 4. Nxe5 O-O 5. Nd5 Re8 6. Nxb4 Rxe5 7. Qf3 Nxe4 8. Bc4 Ng5+ 9. Qe2 Rxe2+ 10. Kxe2 d6
11. d3 Bf5 12. h4 Qe7+ 13. Kf1 Ne6 14. f3 Nd7 15. g4 Nf4 16. Bxf4 Be6 17. Re1 Qf6 18. Re4 Qxb2 19. Bxe6 fxe6 20. h5 Rf8
21. h6 e5 22. Bg5 Rxf3+ 23. Kg2 Rf7 24. Be3 Qc3 25. a3 Qxa3 26. Bg5 g6 27. Nd5 Qc5 28. Ne3 Nf6 29. Rc4 Qb6 30. Rf1 d5
31. Rc3 d4 32. Nc4 Qc6+ 33. Kh3 dxc3 34. Nxe5 Qe6 35. Nxf7 Qxg4+ 36. Kh2 Qe2+ 37. Kg1 Ng4 38. Bh4 Qh2#
0-1

[Event "RIVALS Cup 2008"]
[Site "SchemingMind.com"]
[Date "2008.11.10"]
[Round "-"]
[White "maro"]
[Black "toguints"]
[Result "1-0"]
[WhiteCountry "MEX"]
[BlackCountry "PHI"]
[WhiteElo "1346"]
[WhiteRD "61"]
[BlackElo "1463"]
[BlackRD "75"]
[GameID "177749"]

1. Nf3 d5 2. d4 Nf6 3. e3 Bg4 4. Be2 e6 5. Ne5 Bxe2 6. Qxe2 Nfd7 7. f4 Bd6 8. O-O O-O 9. Nd2 c6 10. Qh5 Nf6
11. Qg5 h6 12. Qh4 Be7 13. b3
1-0

[Event "RIVALS Cup 2008"]
[Site "SchemingMind.com"]
[Date "2008.11.06"]
[Round "-"]
[White "maro"]
[Black "marble"]
[Result "0-1"]
[WhiteCountry "MEX"]
[BlackCountry "ENG"]
[WhiteElo "1264"]
[WhiteRD "52"]
[BlackElo "1779"]
[BlackRD "57"]
[GameID "177750"]

1. Nc3 d5 2. d4 Nf6 3. f3 e6 4. Bf4 c6 5. g3 Bb4 6. Bxb8 Rxb8 7. a3 Ba5 8. b4 Bb6 9. e3 O-O 10. f4 Bc7
11. Nf3 b6 12. b5 c5 13. dxc5 bxc5 14. Bg2 Ba5 15. Qd2 Qb6 16. a4 Rd8 17. Qd1 Bxc3+ 18. Ke2 Bxa1 19. Qxa1 a6 20. Rb1 a5
21. Nd2 c4 22. c3 Ng4 23. Kf3 Nxh2+ 24. Ke2 e5 25. fxe5 Re8 26. Nf3 Bg4 27. Kf2 Bxf3 28. Bxf3 Rxe5 29. Re1 Rf5 30. Qd1 Nxf3
31. Re2 h5 32. Qh1 Nd4+ 33. Ke1 Nxe2 34. Kxe2 Re8
0-1

[Event "RIVALS Cup 2008"]
[Site "SchemingMind.com"]
[Date "2008.11.10"]
[Round "-"]
[White "maro"]
[Black "Alessandro Dotti Contra"]
[Result "1-0"]
[WhiteCountry "MEX"]
[BlackCountry "ITA"]
[WhiteElo "1346"]
[WhiteRD "61"]
[BlackElo "1445"]
[BlackRD "90"]
[GameID "177751"]

1. Nf3 Nf6 2. d4 d5 3. Nc3 Nc6 4. e3 e6 5. Bd3 Bb4 6. Bd2 O-O 7. a3 Ba5 8. Qe2 a6 9. b4 Bb6 10. e4 h6
11. e5 Ne4 12. Nxe4 dxe4 13. Qxe4 g6 14. Bxh6 Re8 15. Bg5 Qd5 16. Qh4 Bxd4 17. O-O-O Nxe5 18. Be4 Bxf2 19. Qf4 Nd3+ 20. Rxd3 Qc4
21. Ne5 Qa2 22. Qxf7+ Kh8 23. Nxg6#
1-0

[Event "RIVALS Cup 2008"]
[Site "SchemingMind.com"]
[Date "2008.11.05"]
[Round "-"]
[White "maro"]
[Black "jamesm_beatty"]
[Result "0-1"]
[WhiteCountry "MEX"]
[BlackCountry "USA"]
[WhiteElo "1264"]
[WhiteRD "52"]
[BlackElo "1440"]
[BlackRD "63"]
[GameID "177752"]

1. d4 Nf6 2. d5 d6 3. c4 e6 4. Qa4+ Bd7 5. Qb4 b6 6. Nc3 g6 7. Nf3 Bg7 8. e4 Qe7 9. Nb5 Na6 10. Nxc7+ Nxc7
11. Be3 Nxe4 12. Rc1 Nc5 13. Be2 O-O 14. O-O exd5 15. cxd5 Nxd5 16. Bg5 Qxe2 17. Qe1 Qxb2
0-1

[Event "RIVALS Cup 2008"]
[Site "SchemingMind.com"]
[Date "2008.11.10"]
[Round "-"]
[White "maro"]
[Black "mmccaffe"]
[Result "1-0"]
[WhiteCountry "MEX"]
[BlackCountry "USA"]
[WhiteElo "1346"]
[WhiteRD "61"]
[BlackElo "1488"]
[BlackRD "51"]
[GameID "177753"]

1. e4 c5 2. c4 Nc6 3. Nf3 g6 4. d4 cxd4 5. Nxd4 Bg7 6. Nf3 d6 7. h3 Nf6 8. Bd3 O-O 9. Be3 Bd7 10. Nc3 Nb4
11. e5 Nxd3+ 12. Qxd3 dxe5 13. Nxe5 Bc6 14. Qxd8 Raxd8 15. Nxc6 bxc6 16. O-O
1-0

[Event "RIVALS Cup 2008"]
[Site "SchemingMind.com"]
[Date "2008.11.05"]
[Round "-"]
[White "maro"]
[Black "dtedesco"]
[Result "1-0"]
[WhiteCountry "MEX"]
[BlackCountry "CAN"]
[WhiteElo "1264"]
[WhiteRD "52"]
[BlackElo "1471"]
[BlackRD "57"]
[GameID "177754"]

1. e4 c5 2. c4 Nc6 3. Nf3 d6 4. b3 Nf6 5. d3 g6 6. Nc3 Bg7 7. Qe2 Nxe4 8. Bb2 Nxc3 9. Qc2 Qa5 10. Kd2 Ne4+
11. Ke3 Bxb2 12. Qxb2 Bf5 13. Qxh8+ Kd7 14. Qxa8 Nb4 15. Rc1 Qxa2 16. Qxb7+ Ke6 17. Qc8+ Kf6 18. Qh8+ Ke6 19. dxe4 Qxb3+ 20. Kf4 Nd3+
21. Bxd3 Qxd3 22. Ng5+ Kd7 23. Rhd1 e5+ 24. Qxe5 dxe5+ 25. Kxe5 Qxd1 26. Rxd1+ Ke7 27. Nxh7 Be6 28. Ra1 a6 29. Rxa6 Bxc4 30. Rc6 Bd3
31. Rc7+ Ke8 32. Rxc5 Ke7 33. Kd4 Kd6 34. e5+
1-0

[Event "RIVALS Cup 2008"]
[Site "SchemingMind.com"]
[Date "2008.11.05"]
[Round "-"]
[White "maro"]
[Black "Carl Lenox"]
[Result "1-0"]
[WhiteCountry "MEX"]
[BlackCountry "CAN"]
[WhiteElo "1264"]
[WhiteRD "52"]
[BlackElo "1216"]
[BlackRD "61"]
[GameID "177755"]

1. e4 c5 2. d4 cxd4 3. Qxd4 Nc6 4. Qc3 Nf6 5. e5 Nd5 6. Qd3 e6 7. f4 f6 8. Nf3 Be7 9. Nc3 Nxf4 10. Bxf4 O-O
11. O-O-O d5 12. exd6 Nb4 13. Qc4 Qa5 14. d7 g5 15. Bc7 b6 16. Qg4 Bxd7 17. Rxd7 Nxa2+ 18. Nxa2 Qxa2 19. Bc4 f5 20. Qd4 Bb4
21. Qg7#
1-0

[Event "RIVALS Cup 2008"]
[Site "SchemingMind.com"]
[Date "2008.11.06"]
[Round "-"]
[White "Brerrabbit"]
[Black "maro"]
[Result "1-0"]
[WhiteCountry "SCO"]
[BlackCountry "MEX"]
[WhiteElo "1396"]
[WhiteRD "66"]
[BlackElo "1264"]
[BlackRD "52"]
[GameID "177756"]

1. e4 e5 2. Nf3 f6 3. Nxe5 fxe5 4. Qh5+ g6 5. Qxe5+ Ne7 6. Qxh8 Nec6 7. Qxh7 Ne7 8. Bc4 d5 9. exd5 Nxd5 10. Qxg6+ Ke7
11. Qe4+ Be6 12. O-O Qd6 13. Re1 Kd8 14. d4 Nd7 15. Bg5+ Be7 16. Bxe7+ Qxe7 17. Nc3 N7f6 18. Qf3 c6 19. Re5 Qd6 20. Rae1 Kd7
21. Rxe6 Re8 22. Rxe8 Qf4 23. Qxf4 Nxf4 24. R1e7+ Kd6 25. Ne4+ Nxe4 26. Rxe4
1-0

[Event "RIVALS Cup 2008"]
[Site "SchemingMind.com"]
[Date "2008.11.05"]
[Round "-"]
[White "Zugzwang"]
[Black "maro"]
[Result "1-0"]
[WhiteCountry "CAN"]
[BlackCountry "MEX"]
[WhiteElo "1487"]
[WhiteRD "60"]
[BlackElo "1264"]
[BlackRD "52"]
[GameID "177757"]

1. d4 d5 2. Nf3 e6 3. e3 Bd6 4. Bd3 f5 5. c3 Nf6 6. O-O c6 7. Nbd2 Qc7 8. Qe2 Nbd7 9. e4 dxe4 10. Nxe4 O-O
11. Nxf6+ Nxf6 12. b4 f4 13. Bb2 e5 14. Ng5 g6 15. Bc4+ Kh8 16. Ne6 Bxe6 17. Bxe6 h5 18. a3 Qe7 19. Bc4 b5 20. Bd3 e4
21. Bc2 f3 22. gxf3 Qe6 23. fxe4 Rae8 24. Kh1 Qh3 25. f3 Bf4 26. Rg1 Kh7 27. e5 h4 28. Rxg6 Nh5 29. Rg3+ Kh6 30. Rxh3 Rg8
31. Rxh4 Rg5 32. Bc1 Bxc1 33. Rxc1 Reg8 34. f4 Rg2 35. Qxh5+
1-0

[Event "RIVALS Cup 2008"]
[Site "SchemingMind.com"]
[Date "2008.11.10"]
[Round "-"]
[White "toguints"]
[Black "maro"]
[Result "0-1"]
[WhiteCountry "PHI"]
[BlackCountry "MEX"]
[WhiteElo "1463"]
[WhiteRD "75"]
[BlackElo "1346"]
[BlackRD "61"]
[GameID "177758"]

1. d4 d5 2. Nf3 Nf6 3. Nc3 Nc6 4. e3 e6 5. Bb5 Bd7 6. O-O Qe7 7. Re1 a6 8. Bxc6 Bxc6 9. Ne5 Qd6 10. b3 Qb4
11. a3 Qxc3 12. Bd2 Qb2 13. Nd3 Qxa1 14. Qxa1 Bd6
0-1

[Event "RIVALS Cup 2008"]
[Site "SchemingMind.com"]
[Date "2008.11.06"]
[Round "-"]
[White "marble"]
[Black "maro"]
[Result "1-0"]
[WhiteCountry "ENG"]
[BlackCountry "MEX"]
[WhiteElo "1779"]
[WhiteRD "57"]
[BlackElo "1264"]
[BlackRD "52"]
[GameID "177759"]

1. e4 e5 2. Nf3 d6 3. d4 f6 4. Bc4 Ne7 5. dxe5 fxe5 6. Nxe5 dxe5 7. Bf7+ Kxf7 8. Qxd8 h6 9. O-O Be6 10. f4 Nec6
11. fxe5+ Kg6 12. Qh4 Bc5+ 13. Kh1 Nd7 14. Nc3 Ncxe5 15. Bf4 Bd6 16. Nb5 Bc4 17. Qg3+ Kh7 18. Bxe5 Bxe5 19. Qg4 Bxb5 20. Rf7 Rhg8
21. c4 Bc6 22. Rd1 Nf6 23. Qf5+ Kh8 24. Qxe5 Nxe4 25. h3 Rae8 26. Qxc7 Rc8 27. Qf4 g5 28. Qe5+
1-0

[Event "RIVALS Cup 2008"]
[Site "SchemingMind.com"]
[Date "2008.11.10"]
[Round "-"]
[White "Alessandro Dotti Contra"]
[Black "maro"]
[Result "1-0"]
[WhiteCountry "ITA"]
[BlackCountry "MEX"]
[WhiteElo "1518"]
[WhiteRD "76"]
[BlackElo "1326"]
[BlackRD "50"]
[GameID "177760"]

1. e4 e5 2. Nf3 f6 3. Nc3 c6 4. Bc4 Ne7 5. O-O b5 6. Bb3 Ba6 7. d3 b4 8. Na4 Ng6 9. Be3 Qc7 10. c3 Qd6
11. Bc5 Qxd3 12. Qxd3 Bxd3 13. Rfe1 Nf4 14. Bd1 Na6 15. Be3 bxc3 16. bxc3 Bd6 17. a3 Bxe4 18. Bxf4 Bd5 19. Bd2 e4 20. Nd4 c5
21. Nf5 Bf8 22. Be3 g6 23. Bxc5 Nxc5 24. Nd4 Nxa4 25. Bxa4 Bd6 26. Nb5 Bc5 27. Nc7+ Ke7 28. Nxd5+ Ke6 29. Nc7+ Ke7 30. Nxa8 Rxa8
31. Rxe4+ Kf8 32. Bxd7 Rd8 33. Bc6 f5 34. Re5 Rd2 35. Rxc5
1-0

[Event "RIVALS Cup 2008"]
[Site "SchemingMind.com"]
[Date "2008.11.05"]
[Round "-"]
[White "jamesm_beatty"]
[Black "maro"]
[Result "1-0"]
[WhiteCountry "USA"]
[BlackCountry "MEX"]
[WhiteElo "1440"]
[WhiteRD "63"]
[BlackElo "1264"]
[BlackRD "52"]
[GameID "177761"]

1. e4 e5 2. Nf3 d6 3. d4 f6 4. Bc4 Nh6 5. dxe5 fxe5 6. Nc3 Qe7 7. Bg5 Qd7 8. Nd5 g6 9. Nf6+ Kd8 10. Nxd7+ Kxd7
11. Qd2 Nc6 12. Bxh6 Be7 13. Bg7 Rd8 14. Ng5 Bf8 15. Bxf8 Rxf8 16. O-O-O a6 17. Nxh7 Rf7 18. Bxf7 Ke7 19. Bxg6 Be6 20. Qg5+ Kd7
21. Bf5 Ne7 22. Bxe6+ Kxe6 23. Qf6+ Kd7 24. h4
1-0

[Event "RIVALS Cup 2008"]
[Site "SchemingMind.com"]
[Date "2008.11.10"]
[Round "-"]
[White "mmccaffe"]
[Black "maro"]
[Result "0-1"]
[WhiteCountry "USA"]
[BlackCountry "MEX"]
[WhiteElo "1488"]
[WhiteRD "51"]
[BlackElo "1346"]
[BlackRD "61"]
[GameID "177762"]

1. e4 e5 2. Nf3 Nc6 3. Bb5 a6 4. Ba4 b5 5. Bb3 Bb7 6. d3 g6 7. O-O Na5 8. Nc3 Bc5 9. Bd2 Nxb3 10. axb3 Nf6
11. Nxe5 Nh5 12. g4 Nf6 13. g5 Nh5 14. Qf3 O-O 15. Ng4 d5 16. Nh6+ Kh8 17. Nxd5 Bxd5 18. exd5 Bd6 19. Nxf7+ Kg8
0-1

[Event "RIVALS Cup 2008"]
[Site "SchemingMind.com"]
[Date "2008.11.05"]
[Round "-"]
[White "dtedesco"]
[Black "maro"]
[Result "1-0"]
[WhiteCountry "CAN"]
[BlackCountry "MEX"]
[WhiteElo "1471"]
[WhiteRD "57"]
[BlackElo "1264"]
[BlackRD "52"]
[GameID "177763"]

1. d4 d5 2. c4 Nf6 3. Bg5 e6 4. Nc3 h6 5. Bxf6 Qd6 6. c5 Qa6 7. e4 c6 8. Bxa6 Nxa6 9. Be5 f6 10. Bg3 Bd7
11. Nf3 O-O-O 12. a3 g5 13. e5 f5 14. b4 g4 15. Nd2 h5 16. h4 Bh6 17. Ne2 Rdf8 18. Bf4 Bxf4 19. Nxf4 Be8 20. Nxe6 Rf7
21. Qe2 Kd7 22. Nf4 Rg7 23. e6+ Ke7 24. g3 b6 25. Qxa6 Kf8 26. cxb6 axb6 27. Qxb6
1-0

[Event "RIVALS Cup 2008"]
[Site "SchemingMind.com"]
[Date "2008.11.05"]
[Round "-"]
[White "Carl Lenox"]
[Black "maro"]
[Result "0-1"]
[WhiteCountry "CAN"]
[BlackCountry "MEX"]
[WhiteElo "1216"]
[WhiteRD "61"]
[BlackElo "1264"]
[BlackRD "52"]
[GameID "177764"]

1. e4 e5 2. Nf3 d6 3. d4 f6 4. Bc4 a6 5. c3 b5 6. Bxg8 Rxg8 7. O-O Bb7 8. d5 c6 9. c4 bxc4 10. Qa4 Qc7
11. Bd2 a5 12. Qxc4 Ba6 13. Qc1 Bxf1 14. Qxf1 Qb7 15. Qc1 c5 16. Qe1 Qb5 17. Bc3 g6 18. Na3 Qa4 19. Qc1 Qxe4 20. Nd2 Qxd5
21. Qe1 a4 22. b3 axb3 23. Nxb3 Rxa3 24. Bb2 Rxa2 25. Qe3 Rxb2 26. h3 Rxb3
0-1